L'Autriche dénoncée à son propre parlement : (Record no. 146420)

MARC details
000 -LEADER
campo de control de longitud fija 00725nam a2200205 i 4500
001 - NÚMERO DE CONTROL
campo de control 146420
003 - IDENTIFICADOR DE NÚMERO DE CONTROL
campo de control ES-MaACL
005 - FECHA Y HORA DE LA ÚLTIMA TRANSACCIÓN
campo de control 20251211063018.0
007 - CAMPO FIJO DE DESCRIPCIÓN FÍSICA--INFORMACIÓN GENERAL
campo de control de longitud fija t|
008 - DATOS DE LONGITUD FIJA--INFORMACIÓN GENERAL
campo de control de longitud fija 070910s1918 fr ||||1| fre d
100 1# - ENTRADA PRINCIPAL--NOMBRE DE PERSONA
Nombre de persona Trésic Pavicic, Ante,
Fechas asociadas al nombre 1867-1949
9 (RLIN) 111327
245 13 - MENCIÓN DEL TÍTULO
Título L'Autriche dénoncée à son propre parlement :
Resto del título un discours au Parlement autrichien /
Mención de responsabilidad, etc. [Trésic-Pavicic].
260 ## - PUBLICACIÓN, DISTRIBUCIÓN, ETC.
Lugar de publicación, distribución, etc. París :
Nombre del editor, distribuidor, etc. [s.n.],
Fecha de publicación, distribución, etc. [1918] (
Fabricante Imp. des arts et des sports)
300 ## - DESCRIPCIÓN FÍSICA
Extensión 12 p. ;
Dimensiones 23 cm.
594 ## - Nota al título y mención de responsabilidad
Nota al título y mención de responsabilidad Título tomado de la cub. y autor del texto.
650 #4 - PUNTO DE ACCESO ADICIONAL DE MATERIA--TÉRMINO DE MATERIA
Término de materia o nombre geográfico como elemento de entrada Yugoslavos-
Subdivisión geográfica Austria.
9 (RLIN) 159460
651 #4 - PUNTO DE ACCESO ADICIONAL DE MATERIA--NOMBRE GEOGRÁFICO
Nombre geográfico Austria-
Subdivisión general Historia-
Subdivisión cronológica 1867-1918.
9 (RLIN) 158080
852 ## - LOCALIZACIÓN
Ubicación ES-MaACL
Número de control de estantería 1535-F-20
Holdings
Estatus retirado Estado de pérdida Estado de daño No para préstamo Colección Biblioteca de origen Biblioteca actual Ubicación en estantería Fecha de adquisición Fuente de adquisición Total de préstamos Signatura topográfica completa Código de barras Visto por última vez Precio de reemplazo Tipo de ítem Koha
        Colección de folletos Biblioteca del Ateneo de Madrid Biblioteca del Ateneo de Madrid Depósito folletos 17/01/2008     1535-F-20 1152823 23/02/2023 23/02/2023 Folleto